| 000 | 00473cam a2200169ua 4500 | ||
|---|---|---|---|
| 020 |
_a81 85046 80 8 _c375.00 |
||
| 041 |
_aeng _h |
||
| 082 |
_a631.5861 _bSHA/WA |
||
| 100 | _aShankaranarayan, K A . | ||
| 245 |
_aWastelands developments and their utilisations / _cK A Shankaranarayan. _hTextual Documents |
||
| 260 |
_aJodhpur : _bScientific Publishers , _c1988. |
||
| 300 | _a496 ; . | ||
| 365 | _a375.00 | ||
| 504 | _a | ||
| 942 | _cBK | ||
| 999 |
_c2680 _d2680 |
||